[Event "ODJM B 2025"]
[Site "Willingen GER"]
[Date "2025.06.14"]
[Round "9"]
[White "Harbring, Thorben"]
[Black "Mai, Mariella"]
[Result "1/2-1/2"]
[Termination "normal"]
[Board "14"]
[WhiteElo "1755"]
[BlackElo "1738"]
[WhiteClock "00:48:46"]
[BlackClock "00:12:12"]
[PlyCount "64"]
[WhiteFideId "34607110"]
[BlackFideId "16281780"]
[EventCountry "GER"]
[EventRounds "9"]
[EventType "swiss"]
[EventDate "2025.06.07"]

1. e4 {[%clk 01:30:57]} {[%emt 00:00:03]} c6 {[%clk 01:30:50]} {[%emt
00:00:10]} 2. c4 {[%clk 01:31:23]} {[%emt 00:00:04]} d5 {[%clk 01:29:53]}
{[%emt 00:01:28]} 3. exd5 {[%clk 01:31:45]} {[%emt 00:00:07]} cxd5 {[%clk
01:30:08]} {[%emt 00:00:16]} 4. cxd5 {[%clk 01:32:10]} {[%emt 00:00:05]} Qxd5
{[%clk 01:25:08]} {[%emt 00:05:30]} 5. Nc3 {[%clk 01:32:29]} {[%emt 00:00:12]}
Qd8 {[%clk 01:25:31]} {[%emt 00:00:06]} 6. Nf3 {[%clk 01:32:15]} {[%emt
00:00:43]} Nf6 {[%clk 01:23:52]} {[%emt 00:02:09]} 7. Bc4 {[%clk 01:29:47]}
{[%emt 00:02:58]} Bg4 {[%clk 01:21:51]} {[%emt 00:02:32]} 8. Bxf7+ {[%clk
01:23:50]} {[%emt 00:06:27]} Kxf7 {[%clk 01:19:47]} {[%emt 00:02:34]} 9. Ne5+
{[%clk 01:24:12]} {[%emt 00:00:07]} Ke8 {[%clk 01:20:03]} {[%emt 00:00:14]} 10.
Nxg4 {[%clk 01:24:36]} {[%emt 00:00:06]} Nc6 {[%clk 01:18:25]} {[%emt
00:02:07]} 11. O-O {[%clk 01:24:48]} {[%emt 00:00:19]} Qd7 {[%clk 01:15:18]}
{[%emt 00:03:38]} 12. Nxf6+ {[%clk 01:19:44]} {[%emt 00:05:34]} gxf6 {[%clk
01:12:26]} {[%emt 00:03:21]} 13. d4 {[%clk 01:10:37]} {[%emt 00:09:37]} Rg8
{[%clk 01:04:24]} {[%emt 00:08:32]} 14. d5 {[%clk 01:08:33]} {[%emt 00:02:35]}
Qh3 {[%clk 01:03:23]} {[%emt 00:01:30]} 15. g3 {[%clk 01:08:25]} {[%emt
00:00:37]} Ne5 {[%clk 01:02:31]} {[%emt 00:01:23]} 16. Qe2 {[%clk 01:07:45]}
{[%emt 00:01:10]} h5 {[%clk 00:58:30]} {[%emt 00:04:32]} 17. Bf4 {[%clk
01:03:35]} {[%emt 00:04:39]} Ng6 {[%clk 00:53:33]} {[%emt 00:05:27]} 18. Qe4
{[%clk 00:59:16]} {[%emt 00:04:49]} f5 {[%clk 00:39:55]} {[%emt 00:14:08]} 19.
Qf3 {[%clk 00:56:37]} {[%emt 00:03:09]} Nh4 {[%clk 00:35:25]} {[%emt 00:05:00]}
20. Qh1 {[%clk 00:56:50]} {[%emt 00:00:17]} Qg4 {[%clk 00:34:40]} {[%emt
00:01:16]} 21. f3 {[%clk 00:55:17]} {[%emt 00:02:03]} Qxf4 {[%clk 00:34:37]}
{[%emt 00:00:33]} 22. Ne2 {[%clk 00:54:08]} {[%emt 00:01:37]} Qe3+ {[%clk
00:32:10]} {[%emt 00:02:58]} 23. Rf2 {[%clk 00:54:33]} {[%emt 00:00:05]} Rc8
{[%clk 00:29:37]} {[%emt 00:03:04]} 24. Kf1 {[%clk 00:53:42]} {[%emt 00:01:20]}
Ng6 {[%clk 00:29:31]} {[%emt 00:00:36]} 25. f4 {[%clk 00:53:21]} {[%emt
00:00:51]} Rc2 {[%clk 00:24:55]} {[%emt 00:05:07]} 26. d6 {[%clk 00:52:49]}
{[%emt 00:01:02]} Qe4 {[%clk 00:22:31]} {[%emt 00:02:54]} 27. d7+ {[%clk
00:50:31]} {[%emt 00:02:48]} Kxd7 {[%clk 00:18:49]} {[%emt 00:04:12]} 28. Rd1+
{[%clk 00:50:45]} {[%emt 00:00:15]} Kc7 {[%clk 00:18:24]} {[%emt 00:00:56]} 29.
Qxe4 {[%clk 00:50:41]} {[%emt 00:00:32]} fxe4 {[%clk 00:18:25]} {[%emt
00:00:31]} 30. f5 {[%clk 00:48:38]} {[%emt 00:02:33]} Ne5 {[%clk 00:17:40]}
{[%emt 00:01:15]} 31. Rf4 {[%clk 00:49:00]} {[%emt 00:00:07]} Rg4 {[%clk
00:16:29]} {[%emt 00:01:41]} 32. Nd4 {[%clk 00:48:46]} {[%emt 00:00:44]} Rxh2
{[%clk 00:12:12]} {[%emt 00:04:47]} 1/2-1/2

[Event "ODJM B 2025"]
[Site "Willingen GER"]
[Date "2025.06.14"]
[Round "9"]
[White "Christen, Jan"]
[Black "Er, Sadik Bugra"]
[Result "1/2-1/2"]
[Termination "normal"]
[Board "15"]
[WhiteElo "1809"]
[BlackElo "1728"]
[WhiteClock "00:09:27"]
[BlackClock "00:46:04"]
[PlyCount "67"]
[WhiteFideId "34643320"]
[BlackFideId "34660410"]
[EventCountry "GER"]
[EventRounds "9"]
[EventType "swiss"]
[EventDate "2025.06.07"]

1. d4 {[%clk 01:30:56]} {[%emt 00:00:03]} Nf6 {[%clk 01:30:56]} {[%emt
00:00:04]} 2. c4 {[%clk 01:31:14]} {[%emt 00:00:12]} g6 {[%clk 01:31:22]}
{[%emt 00:00:04]} 3. Nc3 {[%clk 01:31:15]} {[%emt 00:00:28]} d5 {[%clk
01:31:49]} {[%emt 00:00:04]} 4. Nf3 {[%clk 01:31:03]} {[%emt 00:00:42]} Bg7
{[%clk 01:32:14]} {[%emt 00:00:06]} 5. Qb3 {[%clk 01:28:50]} {[%emt 00:02:42]}
dxc4 {[%clk 01:31:51]} {[%emt 00:00:53]} 6. Qxc4 {[%clk 01:28:30]} {[%emt
00:00:50]} a6 {[%clk 01:31:53]} {[%emt 00:00:29]} 7. Bf4 {[%clk 01:23:23]}
{[%emt 00:05:35]} c6 {[%clk 01:30:47]} {[%emt 00:01:38]} 8. e3 {[%clk
01:21:05]} {[%emt 00:02:47]} O-O {[%clk 01:30:49]} {[%emt 00:00:28]} 9. h3
{[%clk 01:19:06]} {[%emt 00:02:29]} b5 {[%clk 01:27:36]} {[%emt 00:03:44]} 10.
Qb3 {[%clk 01:18:51]} {[%emt 00:00:45]} Bb7 {[%clk 01:27:06]} {[%emt 00:01:00]}
11. Be2 {[%clk 01:18:10]} {[%emt 00:01:09]} e6 {[%clk 01:23:29]} {[%emt
00:04:08]} 12. O-O {[%clk 01:18:10]} {[%emt 00:00:29]} Qe7 {[%clk 01:23:31]}
{[%emt 00:00:30]} 13. Rac1 {[%clk 01:16:25]} {[%emt 00:02:13]} Nbd7 {[%clk
01:21:58]} {[%emt 00:02:05]} 14. Ne5 {[%clk 01:10:46]} {[%emt 00:06:09]} Rac8
{[%clk 01:14:08]} {[%emt 00:08:20]} 15. Bf3 {[%clk 01:07:20]} {[%emt 00:03:55]}
Nxe5 {[%clk 01:09:18]} {[%emt 00:05:20]} 16. Bxe5 {[%clk 01:02:03]} {[%emt
00:05:47]} c5 {[%clk 01:03:31]} {[%emt 00:06:17]} 17. Bxb7 {[%clk 01:00:50]}
{[%emt 00:01:43]} Qxb7 {[%clk 01:03:57]} {[%emt 00:00:04]} 18. dxc5 {[%clk
01:00:55]} {[%emt 00:00:25]} Rfd8 {[%clk 01:00:36]} {[%emt 00:03:52]} 19. Bd6
{[%clk 00:56:50]} {[%emt 00:04:34]} Ne8 {[%clk 00:58:04]} {[%emt 00:03:02]} 20.
Rfd1 {[%clk 00:52:09]} {[%emt 00:05:10]} Nxd6 {[%clk 00:58:00]} {[%emt
00:00:35]} 21. Rxd6 {[%clk 00:48:09]} {[%emt 00:04:30]} Rxd6 {[%clk 00:58:15]}
{[%emt 00:00:16]} 22. cxd6 {[%clk 00:48:32]} {[%emt 00:00:06]} Be5 {[%clk
00:58:14]} {[%emt 00:00:31]} 23. Qb4 {[%clk 00:42:20]} {[%emt 00:06:41]} Rd8
{[%clk 00:57:06]} {[%emt 00:01:39]} 24. Ne4 {[%clk 00:40:04]} {[%emt 00:02:45]}
Qd5 {[%clk 00:55:35]} {[%emt 00:02:02]} 25. f4 {[%clk 00:27:38]} {[%emt
00:12:56]} Bxb2 {[%clk 00:52:15]} {[%emt 00:03:49]} 26. Qxb2 {[%clk 00:20:52]}
{[%emt 00:07:17]} Qxe4 {[%clk 00:52:40]} {[%emt 00:00:06]} 27. Qf6 {[%clk
00:18:00]} {[%emt 00:03:21]} Qxe3+ {[%clk 00:47:58]} {[%emt 00:05:12]} 28. Kh2
{[%clk 00:18:15]} {[%emt 00:00:15]} Qxc1 {[%clk 00:46:51]} {[%emt 00:01:38]}
29. Qxd8+ {[%clk 00:18:32]} {[%emt 00:00:12]} Kg7 {[%clk 00:47:17]} {[%emt
00:00:05]} 30. Qc7 {[%clk 00:10:42]} {[%emt 00:08:19]} Qxf4+ {[%clk 00:47:25]}
{[%emt 00:00:22]} 31. Kg1 {[%clk 00:11:08]} {[%emt 00:00:04]} Qd4+ {[%clk
00:45:34]} {[%emt 00:02:21]} 32. Kf1 {[%clk 00:11:28]} {[%emt 00:00:10]} Qd1+
{[%clk 00:45:49]} {[%emt 00:00:14]} 33. Kf2 {[%clk 00:11:40]} {[%emt 00:00:19]}
Qd2+ {[%clk 00:46:04]} {[%emt 00:00:15]} 34. Kf1 {[%clk 00:09:27]} {[%emt
00:02:43]} 1/2-1/2

[Event "ODJM B 2025"]
[Site "Willingen GER"]
[Date "2025.06.14"]
[Round "9"]
[White "Malinowsky, Celina"]
[Black "Briese, Paul"]
[Result "1/2-1/2"]
[Termination "normal"]
[Board "16"]
[WhiteElo "1742"]
[BlackElo "1665"]
[WhiteClock "00:36:26"]
[BlackClock "00:25:49"]
[PlyCount "57"]
[WhiteFideId "16266986"]
[BlackFideId "16273826"]
[EventCountry "GER"]
[EventRounds "9"]
[EventType "swiss"]
[EventDate "2025.06.07"]

1. e4 {[%clk 01:30:58]} {[%emt 00:00:01]} e5 {[%clk 01:30:57]} {[%emt
00:00:04]} 2. Nf3 {[%clk 01:31:21]} {[%emt 00:00:07]} Nc6 {[%clk 01:31:21]}
{[%emt 00:00:05]} 3. Bc4 {[%clk 01:31:26]} {[%emt 00:00:25]} Bc5 {[%clk
01:31:44]} {[%emt 00:00:07]} 4. c3 {[%clk 01:31:22]} {[%emt 00:00:34]} Nf6
{[%clk 01:31:59]} {[%emt 00:00:15]} 5. d3 {[%clk 01:31:29]} {[%emt 00:00:23]}
O-O {[%clk 01:31:31]} {[%emt 00:00:58]} 6. O-O {[%clk 01:30:22]} {[%emt
00:01:38]} d6 {[%clk 01:30:08]} {[%emt 00:01:52]} 7. Nbd2 {[%clk 01:30:25]}
{[%emt 00:00:27]} a5 {[%clk 01:30:04]} {[%emt 00:00:35]} 8. a4 {[%clk
01:28:26]} {[%emt 00:02:28]} Be6 {[%clk 01:27:40]} {[%emt 00:02:54]} 9. Bxe6
{[%clk 01:28:12]} {[%emt 00:00:44]} fxe6 {[%clk 01:28:04]} {[%emt 00:00:07]}
10. Qb3 {[%clk 01:28:17]} {[%emt 00:00:25]} Qd7 {[%clk 01:27:36]} {[%emt
00:00:58]} 11. Re1 {[%clk 01:26:23]} {[%emt 00:02:23]} Kh8 {[%clk 01:21:42]}
{[%emt 00:06:24]} 12. Nf1 {[%clk 01:23:47]} {[%emt 00:03:06]} Bb6 {[%clk
01:15:25]} {[%emt 00:06:48]} 13. Ng3 {[%clk 01:19:34]} {[%emt 00:04:42]} d5
{[%clk 01:04:50]} {[%emt 00:11:06]} 14. Qc2 {[%clk 01:14:17]} {[%emt 00:05:46]}
Rae8 {[%clk 00:57:58]} {[%emt 00:07:22]} 15. Be3 {[%clk 01:05:19]} {[%emt
00:09:28]} Bxe3 {[%clk 00:58:15]} {[%emt 00:00:13]} 16. Rxe3 {[%clk 01:05:05]}
{[%emt 00:00:44]} d4 {[%clk 00:53:14]} {[%emt 00:05:31]} 17. Re2 {[%clk
01:04:35]} {[%emt 00:01:00]} Rd8 {[%clk 00:49:56]} {[%emt 00:03:48]} 18. Rd2
{[%clk 01:03:24]} {[%emt 00:01:41]} Qd6 {[%clk 00:39:27]} {[%emt 00:11:00]} 19.
Rad1 {[%clk 01:01:46]} {[%emt 00:02:08]} Rf7 {[%clk 00:38:32]} {[%emt
00:01:24]} 20. Ng5 {[%clk 01:00:30]} {[%emt 00:01:46]} Re7 {[%clk 00:38:42]}
{[%emt 00:00:20]} 21. Qb3 {[%clk 00:58:56]} {[%emt 00:02:05]} h6 {[%clk
00:38:01]} {[%emt 00:01:11]} 22. Nf3 {[%clk 00:59:14]} {[%emt 00:00:11]} b6
{[%clk 00:36:46]} {[%emt 00:01:46]} 23. Rc1 {[%clk 00:51:53]} {[%emt 00:07:50]}
Nd7 {[%clk 00:34:02]} {[%emt 00:03:15]} 24. Qc2 {[%clk 00:47:33]} {[%emt
00:04:50]} Nc5 {[%clk 00:32:05]} {[%emt 00:02:26]} 25. Rcd1 {[%clk 00:45:29]}
{[%emt 00:02:35]} Red7 {[%clk 00:31:00]} {[%emt 00:01:35]} 26. Ne1 {[%clk
00:44:12]} {[%emt 00:01:46]} Kh7 {[%clk 00:29:12]} {[%emt 00:02:18]} 27. Ne2
{[%clk 00:42:00]} {[%emt 00:02:42]} Rb8 {[%clk 00:27:54]} {[%emt 00:01:49]} 28.
cxd4 {[%clk 00:40:37]} {[%emt 00:01:52]} exd4 {[%clk 00:25:49]} {[%emt
00:02:35]} 29. Ra1 {[%clk 00:36:26]} {[%emt 00:04:41]} 1/2-1/2

[Event "ODJM B 2025"]
[Site "Willingen GER"]
[Date "2025.06.14"]
[Round "9"]
[White "Schmidt, Jossip"]
[Black "Kaufmann, Ben"]
[Result "0-1"]
[Termination "normal"]
[Board "17"]
[WhiteElo "1647"]
[BlackElo "1801"]
[WhiteClock "00:02:59"]
[BlackClock "00:02:39"]
[PlyCount "68"]
[WhiteFideId "34621148"]
[BlackFideId "34687068"]
[EventCountry "GER"]
[EventRounds "9"]
[EventType "swiss"]
[EventDate "2025.06.07"]

1. d4 {[%clk 01:30:26]} {[%emt 00:00:33]} d5 {[%clk 01:30:54]} {[%emt
00:00:07]} 2. Nf3 {[%clk 01:30:08]} {[%emt 00:00:48]} Nf6 {[%clk 01:30:41]}
{[%emt 00:00:44]} 3. c3 {[%clk 01:29:22]} {[%emt 00:01:15]} e6 {[%clk
01:30:04]} {[%emt 00:01:07]} 4. Bf4 {[%clk 01:28:04]} {[%emt 00:01:48]} Bd6
{[%clk 01:28:52]} {[%emt 00:01:42]} 5. Bg3 {[%clk 01:27:23]} {[%emt 00:01:10]}
O-O {[%clk 01:26:54]} {[%emt 00:02:28]} 6. e3 {[%clk 01:27:29]} {[%emt
00:00:25]} c5 {[%clk 01:26:23]} {[%emt 00:01:01]} 7. Bd3 {[%clk 01:27:18]}
{[%emt 00:00:41]} Qc7 {[%clk 01:24:43]} {[%emt 00:02:09]} 8. Ne5 {[%clk
01:21:46]} {[%emt 00:06:02]} Nbd7 {[%clk 01:14:56]} {[%emt 00:10:17]} 9. f4
{[%clk 01:18:29]} {[%emt 00:03:47]} Ne4 {[%clk 01:09:00]} {[%emt 00:06:26]} 10.
Nd2 {[%clk 01:17:38]} {[%emt 00:01:22]} f5 {[%clk 01:07:38]} {[%emt 00:01:52]}
11. O-O {[%clk 01:15:17]} {[%emt 00:02:51]} Ndf6 {[%clk 01:05:16]} {[%emt
00:02:52]} 12. Bh4 {[%clk 01:12:34]} {[%emt 00:03:12]} Bd7 {[%clk 01:01:52]}
{[%emt 00:03:54]} 13. Rc1 {[%clk 01:08:04]} {[%emt 00:05:00]} Rac8 {[%clk
00:58:27]} {[%emt 00:03:56]} 14. Ndf3 {[%clk 00:58:04]} {[%emt 00:10:30]} a6
{[%clk 00:52:27]} {[%emt 00:06:31]} 15. c4 {[%clk 00:48:10]} {[%emt 00:10:22]}
Bc6 {[%clk 00:32:53]} {[%emt 00:20:05]} 16. Nxc6 {[%clk 00:41:04]} {[%emt
00:07:35]} bxc6 {[%clk 00:30:42]} {[%emt 00:02:41]} 17. Kh1 {[%clk 00:34:26]}
{[%emt 00:07:09]} Qb7 {[%clk 00:27:46]} {[%emt 00:03:25]} 18. Qe2 {[%clk
00:29:01]} {[%emt 00:05:55]} Rb8 {[%clk 00:21:56]} {[%emt 00:06:20]} 19. cxd5
{[%clk 00:15:35]} {[%emt 00:13:56]} cxd5 {[%clk 00:21:43]} {[%emt 00:00:43]}
20. Bxf6 {[%clk 00:15:00]} {[%emt 00:01:04]} Rxf6 {[%clk 00:16:56]} {[%emt
00:05:18]} 21. b3 {[%clk 00:10:08]} {[%emt 00:05:23]} a5 {[%clk 00:13:46]}
{[%emt 00:03:38]} 22. Ne5 {[%clk 00:09:01]} {[%emt 00:01:37]} cxd4 {[%clk
00:09:14]} {[%emt 00:05:04]} 23. exd4 {[%clk 00:09:28]} {[%emt 00:00:03]} Bxe5
{[%clk 00:09:04]} {[%emt 00:00:40]} 24. fxe5 {[%clk 00:08:45]} {[%emt
00:01:12]} Rf7 {[%clk 00:08:32]} {[%emt 00:01:03]} 25. g4 {[%clk 00:05:00]}
{[%emt 00:04:13]} fxg4 {[%clk 00:07:36]} {[%emt 00:01:26]} 26. Qxg4 {[%clk
00:04:44]} {[%emt 00:00:47]} Re7 {[%clk 00:04:24]} {[%emt 00:03:42]} 27. Rce1
{[%clk 00:04:30]} {[%emt 00:00:43]} Nc3 {[%clk 00:03:48]} {[%emt 00:01:08]} 28.
Bxh7+ {[%clk 00:04:48]} {[%emt 00:00:12]} Kxh7 {[%clk 00:03:41]} {[%emt
00:00:37]} 29. Qh3+ {[%clk 00:05:12]} {[%emt 00:00:05]} Kg8 {[%clk 00:03:58]}
{[%emt 00:00:12]} 30. Qxc3 {[%clk 00:05:30]} {[%emt 00:00:13]} Qb4 {[%clk
00:03:33]} {[%emt 00:00:55]} 31. Qe3 {[%clk 00:05:10]} {[%emt 00:00:49]} Rc7
{[%clk 00:03:21]} {[%emt 00:00:42]} 32. Rg1 {[%clk 00:04:06]} {[%emt 00:01:34]}
Qc3 {[%clk 00:02:21]} {[%emt 00:01:31]} 33. Qh6 {[%clk 00:02:45]} {[%emt
00:01:52]} Qf3+ {[%clk 00:02:14]} {[%emt 00:00:36]} 34. Rg2 {[%clk 00:02:59]}
{[%emt 00:00:16]} Qxg2+ {[%clk 00:02:39]} {[%emt 00:00:05]} 0-1

[Event "ODJM B 2025"]
[Site "Willingen GER"]
[Date "2025.06.14"]
[Round "9"]
[White "Petrow, Andre"]
[Black "Geschke, David"]
[Result "0-1"]
[Termination "normal"]
[Board "18"]
[WhiteElo "1831"]
[BlackElo "1824"]
[WhiteClock "00:06:29"]
[BlackClock "00:11:22"]
[PlyCount "102"]
[WhiteFideId "34612815"]
[BlackFideId "34619658"]
[EventCountry "GER"]
[EventRounds "9"]
[EventType "swiss"]
[EventDate "2025.06.07"]

1. e4 {[%clk 01:30:58]} {[%emt 00:00:02]} e5 {[%clk 01:30:58]} {[%emt
00:00:02]} 2. Bc4 {[%clk 01:31:23]} {[%emt 00:00:05]} Nc6 {[%clk 01:29:12]}
{[%emt 00:02:16]} 3. Nf3 {[%clk 01:31:35]} {[%emt 00:00:18]} Bc5 {[%clk
01:29:31]} {[%emt 00:00:11]} 4. Nc3 {[%clk 01:31:45]} {[%emt 00:00:20]} Nf6
{[%clk 01:28:15]} {[%emt 00:01:46]} 5. d3 {[%clk 01:32:00]} {[%emt 00:00:16]}
h6 {[%clk 01:28:39]} {[%emt 00:00:05]} 6. h3 {[%clk 01:32:27]} {[%emt
00:00:04]} a6 {[%clk 01:28:11]} {[%emt 00:00:58]} 7. Be3 {[%clk 01:32:18]}
{[%emt 00:00:39]} Bxe3 {[%clk 01:27:52]} {[%emt 00:00:48]} 8. fxe3 {[%clk
01:32:43]} {[%emt 00:00:05]} O-O {[%clk 01:27:28]} {[%emt 00:00:54]} 9. Qe2
{[%clk 01:32:49]} {[%emt 00:00:25]} b5 {[%clk 01:25:28]} {[%emt 00:02:30]} 10.
Bb3 {[%clk 01:33:11]} {[%emt 00:00:08]} Nh5 {[%clk 01:23:00]} {[%emt 00:02:58]}
11. Qf2 {[%clk 01:32:43]} {[%emt 00:00:58]} g6 {[%clk 01:10:37]} {[%emt
00:12:52]} 12. g4 {[%clk 01:32:10]} {[%emt 00:01:03]} Ng7 {[%clk 01:09:56]}
{[%emt 00:01:09]} 13. Nd5 {[%clk 01:32:09]} {[%emt 00:00:33]} Ne8 {[%clk
01:06:47]} {[%emt 00:03:39]} 14. Ke2 {[%clk 01:30:16]} {[%emt 00:02:24]} d6
{[%clk 01:05:08]} {[%emt 00:02:08]} 15. a3 {[%clk 01:29:32]} {[%emt 00:01:14]}
Be6 {[%clk 01:03:53]} {[%emt 00:01:45]} 16. Raf1 {[%clk 01:29:31]} {[%emt
00:00:31]} Na5 {[%clk 01:03:11]} {[%emt 00:01:13]} 17. Ba2 {[%clk 01:22:45]}
{[%emt 00:07:17]} c6 {[%clk 01:02:16]} {[%emt 00:01:24]} 18. Nh4 {[%clk
01:21:05]} {[%emt 00:02:09]} Kg7 {[%clk 00:57:49]} {[%emt 00:04:55]} 19. Nc3
{[%clk 00:37:50]} {[%emt 00:43:48]} Bxa2 {[%clk 00:55:39]} {[%emt 00:02:40]}
20. Nxa2 {[%clk 00:37:16]} {[%emt 00:01:04]} d5 {[%clk 00:54:44]} {[%emt
00:01:23]} 21. Nxg6 {[%clk 00:25:24]} {[%emt 00:12:22]} Kxg6 {[%clk 00:54:04]}
{[%emt 00:01:09]} 22. Qf5+ {[%clk 00:25:47]} {[%emt 00:00:09]} Kg7 {[%clk
00:54:19]} {[%emt 00:00:14]} 23. g5 {[%clk 00:26:10]} {[%emt 00:00:09]} hxg5
{[%clk 00:50:27]} {[%emt 00:04:21]} 24. Rhg1 {[%clk 00:26:28]} {[%emt
00:00:12]} f6 {[%clk 00:46:38]} {[%emt 00:04:18]} 25. Rxg5+ {[%clk 00:26:44]}
{[%emt 00:00:15]} Kf7 {[%clk 00:46:57]} {[%emt 00:00:10]} 26. Qxe5 {[%clk
00:21:14]} {[%emt 00:06:02]} dxe4 {[%clk 00:45:05]} {[%emt 00:02:21]} 27. Qxe4
{[%clk 00:21:10]} {[%emt 00:00:34]} Qd6 {[%clk 00:43:47]} {[%emt 00:01:43]} 28.
Qh7+ {[%clk 00:18:57]} {[%emt 00:02:48]} Ke6 {[%clk 00:43:10]} {[%emt
00:01:06]} 29. Rg4 {[%clk 00:19:07]} {[%emt 00:00:21]} f5 {[%clk 00:38:27]}
{[%emt 00:05:12]} 30. Rg6+ {[%clk 00:15:54]} {[%emt 00:03:44]} Nf6 {[%clk
00:36:25]} {[%emt 00:02:32]} 31. Qh6 {[%clk 00:13:20]} {[%emt 00:03:04]} Qe5
{[%clk 00:32:38]} {[%emt 00:04:17]} 32. Qf4 {[%clk 00:10:11]} {[%emt 00:03:39]}
Qxf4 {[%clk 00:26:00]} {[%emt 00:07:08]} 33. Rxf4 {[%clk 00:10:36]} {[%emt
00:00:05]} Rg8 {[%clk 00:25:56]} {[%emt 00:00:32]} 34. Rh6 {[%clk 00:10:54]}
{[%emt 00:00:14]} Rh8 {[%clk 00:25:08]} {[%emt 00:01:17]} 35. Rxh8 {[%clk
00:10:41]} {[%emt 00:00:44]} Rxh8 {[%clk 00:25:33]} 36. h4 {[%clk 00:10:56]}
{[%emt 00:00:20]} Nd5 {[%clk 00:25:16]} {[%emt 00:00:47]} 37. Rf2 {[%clk
00:10:44]} {[%emt 00:00:42]} Rxh4 {[%clk 00:25:29]} {[%emt 00:00:17]} 38. Rg2
{[%clk 00:11:09]} {[%emt 00:00:04]} Rh3 {[%clk 00:21:41]} {[%emt 00:04:18]} 39.
Kd2 {[%clk 00:10:07]} {[%emt 00:01:33]} c5 {[%clk 00:17:01]} {[%emt 00:05:10]}
40. Rg6+ {[%clk 00:08:49]} {[%emt 00:01:48]} Nf6 {[%clk 00:16:45]} {[%emt
00:00:45]} 41. Nc1 {[%clk 00:09:06]} {[%emt 00:00:14]} Rh2+ {[%clk 00:16:19]}
{[%emt 00:00:56]} 42. Ne2 {[%clk 00:07:59]} {[%emt 00:01:37]} Nc6 {[%clk
00:15:48]} {[%emt 00:01:01]} 43. Kd1 {[%clk 00:05:40]} {[%emt 00:02:49]} Ne5
{[%clk 00:13:13]} {[%emt 00:03:05]} 44. Rg7 {[%clk 00:05:21]} {[%emt 00:00:49]}
Nfg4 {[%clk 00:11:46]} {[%emt 00:01:56]} 45. Nf4+ {[%clk 00:05:04]} {[%emt
00:00:48]} Kf6 {[%clk 00:11:12]} {[%emt 00:01:03]} 46. Ra7 {[%clk 00:05:21]}
{[%emt 00:00:13]} Nxe3+ {[%clk 00:11:18]} {[%emt 00:00:24]} 47. Kc1 {[%clk
00:05:49]} {[%emt 00:00:04]} Rxc2+ {[%clk 00:11:11]} {[%emt 00:00:36]} 48. Kb1
{[%clk 00:06:14]} {[%emt 00:00:05]} Kg5 {[%clk 00:11:07]} {[%emt 00:00:34]} 49.
Ne6+ {[%clk 00:06:16]} {[%emt 00:00:28]} Kg4 {[%clk 00:10:56]} {[%emt
00:00:41]} 50. Rg7+ {[%clk 00:06:03]} {[%emt 00:00:43]} Kf3 {[%clk 00:11:11]}
{[%emt 00:00:10]} 51. Ng5+ {[%clk 00:06:29]} {[%emt 00:00:09]} Ke2 {[%clk
00:11:22]} {[%emt 00:00:16]} 0-1